Boy’s A Liar Pt. 2 - PinkPantheress & Ice Spice - All Lyrics - Statistics

General Stats
  • This quiz has been taken 246 times
    140 since last reset
  • The average score is 262 of 359
Answer Stats
Answer % Correct
duh-duh-duh
100%
a
97%
boy
97%
He
97%
he
97%
liar,
95%
liar
95%
I
93%
the
93%
The
93%
The-the
93%
me?
91%
me?)
91%
me
91%
me,
91%
ya,
90%
bum
89%
do
89%
boy's
88%
Is
88%
(Is
88%
is
88%
"Yo,
88%
you
88%
That
87%
that
87%
eno-o-ough,
86%
eno-o-ough
86%
enough
86%
enough)
86%
enough?
86%
enough?)
86%
enough,
86%
good
86%
Good
86%
look
84%
to
84%
my
81%
does
80%
for
80%
see
80%
on
79%
your
79%
shouldn't
78%
Take
78%
I'm
77%
there
77%
at
75%
at,
75%
inside
75%
looking
75%
doesn't
74%
heart
74%
room
74%
any
73%
not
72%
of
72%
say
72%
and
70%
And
70%
ever
70%
(Ever
70%
have
70%
one
70%
when
70%
(When
70%
shit
69%
shit,
69%
Thinkin'
69%
thinkin'
69%
hold
68%
Like
68%
like
68%
like,
68%
It
66%
(It
66%
it
66%
breath
65%
Did
65%
knee
65%
knee)
65%
'bout
64%
but
63%
But
63%
know
63%
want
63%
where
63%
you're
63%
what
61%
fat
60%
get
60%
down
59%
was
59%
Was
59%
don't
58%
Don't
58%
fun
58%
ass
57%
cap
57%
can't
56%
love
56%
love)
56%
makin'
56%
eat
55%
us?
55%
us?)
55%
'cause
54%
sleep
54%
Would
54%
(Would
54%
without
53%
her
52%
home,
52%
picture
52%
So
52%
tell
52%
Because
51%
because
51%
girl
51%
His
51%
his
51%
only
51%
(Only
51%
Sayin'
51%
him
50%
If
50%
till
48%
(Till
48%
through?
47%
we're
46%
back
45%
mean
45%
sneaky
45%
pin"
44%
even
43%
send
43%
time
43%
blowin'
42%
disappear
42%
Every
42%
it's
42%
hair,
41%
never
40%
out
40%
point
40%
day
39%
ugly
39%
What’s
39%
been
38%
fear
38%
fear)
38%
won't
38%
you'll
38%
Bet
35%
gon'
35%
respond
35%
speak,
35%
find
34%
grabbin'
34%
crying?
33%
phone
32%
pull
30%
there's
30%
Callin'
27%
hit
27%
feel
25%
Duckin'
19%
well,
15%
No matching quizzes found
Score Distribution
Percent of People with Each Score
Percentile by Number Answered
Your Score History
You have not taken this quiz since the last reset